Hướng dẫn giải bài tập thủy lực chọn lọc

Tài liệu này giúp sinh viên các trường Đại học kỹ thuật hệ thống kiến thức, nâng cao trình độ, đồng thời để phục vụ cho các sinh viên tham dự kỳ thi Olimpic cơ học môn Thuỷ lực toàn quốc được tổ chức hằng năm. Các bài tập được sắp x...

ver descrição completa

Na minha lista:
Detalhes bibliográficos
Autor principal: Phùng, Văn Khương
Formato: Livro
Idioma:Undetermined
Publicado em: Hà Nội Giao thông vận tải 1999
Assuntos:
Tags: Adicionar Tag
Sem tags, seja o primeiro a adicionar uma tag!
Thư viện lưu trữ: Trung tâm Học liệu Trường Đại học Cần Thơ
LEADER 01203nam a2200217Ia 4500
001 CTU_122145
008 210402s9999 xx 000 0 und d
020 |c 20000 
082 |a 621.2 
082 |b Kh561/T.1 
100 |a Phùng, Văn Khương 
245 0 |a Hướng dẫn giải bài tập thủy lực chọn lọc 
245 0 |c Phùng Văn Khương, Phạm Văn Vĩnh 
260 |a Hà Nội 
260 |b Giao thông vận tải 
260 |c 1999 
520 |a Tài liệu này giúp sinh viên các trường Đại học kỹ thuật hệ thống kiến thức, nâng cao trình độ, đồng thời để phục vụ cho các sinh viên tham dự kỳ thi Olimpic cơ học môn Thuỷ lực toàn quốc được tổ chức hằng năm. Các bài tập được sắp xếp vào 5 chương cơ bản, trong mỗi chương đều có tóm tắt lý thuyết để sinh viên tiện theo giỏi và sử dụng. 
650 |a Fluid mechanics,Fluid power technology,Water 
650 |x Power 
904 |i Hiếu 
980 |a Trung tâm Học liệu Trường Đại học Cần Thơ